Quiz sul Molise - Statistics

Statistiche generali
  • Questo quiz è stato fatto 1.103 volte
  • Il punteggio medio è 11 su 19
Statistiche sulle risposte
Definizioni Risposte % Corretto
Regioni confinanti Abruzzo
98%
Capoluogo di Regione Campobasso
98%
Mare che bagna la Regione Mar Adriatico
98%
Regioni confinanti Puglia
97%
Regioni confinanti Campania
96%
Regioni confinanti Lazio
96%
La sola regione italiana più piccola del Molise Valle d'Aosta
94%
Altra Provincia Isernia
90%
Anno in cui fu istituita ufficialmente la Regione 1963
48%
Secondo centro più popoloso Termoli
46%
Magistrato leader del pool di Mani Pulite Antonio Di Pietro
37%
Antico popolo italico che intrapresero sanguinose guerre contro i Romani Sanniti
37%
Attore americano i cui bisnonni erano originari di Ferrazzano Robert De Niro
31%
Unico fiume che nasce, scorre e sfocia interamente territorio molisano Biferno
18%
Così sono detti gli italo-albanesi presenti in Molise e in altre zone dell'Italia meridionale Arbëreshë
16%
Fumettista creatore di Cocco Bill Benito Jacovitti
16%
Tipico formato di pasta della regione Cavatelli
13%
Piccola catena montuosa che rappresenta il punto più alto della Regione Monti della {Meta}
13%
Località di soli 1500 abitanti in cui si trova la Basilica dell'Addolorata Castelpetroso
12%
Nessun quiz corrispondente trovato
Distribuzione punteggi
Percentuale di utenti per punteggio
Percentile per numero di risposta
I tuoi punteggi nel tempo
Non hai fatto questo quiz